Changes in the levels of chlorophyll and carbohydrate associated with the leaf spot disease of rubber plants infected by Phytophthora palmivora (Record no. 55335)

MARC details
000 -LEADER
fixed length control field 00578nam a2200181Ia 4500
100 ## - MAIN ENTRY--AUTHOR NAME
Personal name Banik S
245 #0 - TITLE STATEMENT
Title Changes in the levels of chlorophyll and carbohydrate associated with the leaf spot disease of rubber plants infected by Phytophthora palmivora
260 ## - PUBLICATION, DISTRIBUTION, ETC. (IMPRINT)
Name of publisher Journal of Mycopathological Research
Year of publication 1995
300 ## - PHYSICAL DESCRIPTION
Number of Pages 45-47
500 ## - GENERAL NOTE
General note Source Year: 1996
650 ## - SUBJECT ADDED ENTRY--TOPICAL TERM
Topical Term Disease control
650 ## - SUBJECT ADDED ENTRY--TOPICAL TERM
Topical Term Hevea brasiliensis
650 ## - SUBJECT ADDED ENTRY--TOPICAL TERM
Topical Term Leaf spot disease
700 ## - ADDED ENTRY--PERSONAL NAME
Personal name Chatterjee N C
856 ## - ELECTRONIC LOCATION AND ACCESS
Uniform Resource Identifier RPP
942 ## - ADDED ENTRY ELEMENTS (KOHA)
Koha item type Journals
Holdings
Withdrawn status Lost status Damaged status Not for loan Home library Current library Shelving location Date acquired Serial Enumeration / chronology Koha item type
      Journals RRII Library RRII Library Pathology 17/12/2021 Volume 33, Issue 1 Journals